000 00353 a2200169 4500
001 182707
020 _a85-325-0034-X
040 _cMagnum
100 _aCoelho, Paulo
240 1 0 _aO diário de um mago
_lpor
245 1 0 _aO diário de um mago
300 _a246
362 0 _a1990
440 1 _aRocco
697 _aLITERATURA GERAL
942 _cBK
999 _c182707
_d182707